| 000 | 00436nam a2200169 i 4500 | ||
|---|---|---|---|
| 001 | 146717 | ||
| 003 | ES-MaACL | ||
| 005 | 20230906201638.0 | ||
| 007 | t| | ||
| 008 | 070917s1971 sp ||||1| spa d | ||
| 080 | _a891.69-1"19" | ||
| 100 | 1 |
_aTreku, Mattin. _9111292 |
|
| 245 | 1 | 0 |
_aAhal Dena / _cMattin Treku. |
| 260 |
_a[San Sebastian] : _bIzarra, _c1971. |
||
| 300 |
_a155 p. ; _c18 cm. |
||
| 852 |
_aES-MaACL _jC-49167 _bR.80302 |
||
| 999 |
_c146717 _d146717 |
||